|
|
|
|
| LEADER |
01740nam a2200397 a 4500 |
| 001 |
EBC1187192 |
| 003 |
MiAaPQ |
| 005 |
20200520144314.0 |
| 006 |
m o d | |
| 007 |
cr cn||||||||| |
| 008 |
130111s2013 njuad sb 001 0 eng d |
| 010 |
|
|
|z 2013000737
|
| 020 |
|
|
|z 9781118390047 (cloth)
|
| 020 |
|
|
|a 9781118602652 (electronic bk.)
|
| 035 |
|
|
|a (MiAaPQ)EBC1187192
|
| 035 |
|
|
|a (Au-PeEL)EBL1187192
|
| 035 |
|
|
|a (CaPaEBR)ebr10700426
|
| 035 |
|
|
|a (CaONFJC)MIL491915
|
| 035 |
|
|
|a (OCoLC)824120039
|
| 040 |
|
|
|a MiAaPQ
|c MiAaPQ
|d MiAaPQ
|
| 050 |
|
4 |
|a HG4529
|b .W487 2013
|
| 082 |
0 |
4 |
|a 332.63/2042
|2 23
|
| 100 |
1 |
|
|a Whitman, Martin J.
|
| 245 |
1 |
0 |
|a Modern security analysis
|h [electronic resource] :
|b understanding Wall Street fundamentals /
|c Martin J. Whitman, Fernando Diz.
|
| 260 |
|
|
|a Hoboken, N.J. :
|b Wiley,
|c 2013.
|
| 300 |
|
|
|a xv, 480 p. :
|b ill.
|
| 490 |
1 |
|
|a Wiley finance series
|
| 504 |
|
|
|a Includes bibliographical references and index.
|
| 505 |
0 |
|
|a pt. 1. The foundations of modern business and security analysis -- pt. 2. Putting it all together : safe and cheap investing versus conventional approaches -- pt. 3. Real-world considerations -- pt. 4. Understanding resource conversion -- pt. 5. Active investors buy and sell common stocks on an advantageous basis.
|
| 533 |
|
|
|a Electronic reproduction. Ann Arbor, MI : ProQuest, 2015. Available via World Wide Web. Access may be limited to ProQuest affiliated libraries.
|
| 650 |
|
0 |
|a Investment analysis.
|
| 655 |
|
4 |
|a Electronic books.
|
| 700 |
1 |
|
|a Diz, Fernando,
|d 1956-
|
| 710 |
2 |
|
|a ProQuest (Firm)
|
| 830 |
|
0 |
|a Wiley finance series.
|
| 856 |
4 |
0 |
|u https://ebookcentral.proquest.com/lib/matrademy/detail.action?docID=1187192
|z Click to View
|